Piłka nożna quiz #171 - Najstarsi strzelcy reprezentacji Francji - Statystyki

Ogólne statystyki
  • Ten quiz został rozwiązany 322 razy
  • Średni wynik to 2 z 5
Statystyki odpowiedzi
Zawodnik Pozycja Data zdobycia bramki Wiek zawodnika % Poprawnych
Karim Benzema Środkowy napastnik 03.06.2022 34 lat 05 miesięcy 15 dni
83%
Olivier Giroud Środkowy napastnik 26.03.2024 37 lat 05 miesięcy 25 dni
78%
Zinédine Zidane Ofensywny pomocnik 09.07.2006 34 lat 16 dni
69%
Youri Djorkaeff Ofensywny pomocnik 30.05.2001 33 lat 02 miesięcy 21 dni
3%
Frank Leboeuf Środkowy obrońca 26.05.2002 34 lat 04 miesięcy 04 dni
1%
Nie znaleziono quizów pasujących do podanych kryteriów
Rozkład punktacji
Procent ludzi z każdym wynikiem
Percentyl według liczby udzielonych odpowiedzi
Twoja historia wyników
Nie rozwiązałeś tego quizu